000 00674cam a22002411 4500
001 sa 65007792
003 DLC
005 20260227112151.0
008 900205s1963 pk a f 000 0 urdr
010 _asa 65007792
035 _a(OCoLC)21003479
040 _aDLC
_cWaU
_dDLC
043 _aa-pk---
050 0 0 _aS517.P17
_bG5
100 1 _aGill, Muhammad Shaffi,
_d1915-
245 1 0 _aZaraʻī hidāyāt barʼ̄e Lahaur rījan.
260 _c1963.
300 _a216 p.
_billus.
_c24 cm.
500 _aIn Urdu.
500 _aText partially vocalized.
650 0 _aAgriculture
_zPakistan
_zLahore (Tahsil)
650 0 _aAgriculture
_zPakistan
_xHandbooks, manuals, etc.
999 _c65374
_d65374